| 000 | 00434nam a22001697a 4500 | ||
|---|---|---|---|
| 003 | NUST - PNEC | ||
| 005 | 20170116180923.0 | ||
| 008 | 150905b xxu||||| |||| 00| 0 eng d | ||
| 020 | _a- | ||
| 040 | _cLIBRARY | ||
| 082 | _a621.3 BEL | ||
| 100 |
_97903 _aBell, J.F. W. |
||
| 245 |
_aExamples in advenced electrical engineering _cJ. F. W. Bell |
||
| 260 | _cc.1962 | ||
| 650 |
_97905 _bElectrical Engineering _xEE |
||
| 942 |
_2ddc _cBK |
||
| 999 |
_c65696 _d65696 |
||